Sam e outros contos de animais (Record no. 127311)
[ view plain ]
| 000 -LÍDER | |
|---|---|
| campo de controle de tamanho fixo | 01544 a2200241 4500 |
| 001 - NÚMERO DE CONTROLE | |
| campo de controle | 127311 |
| 020 ## - ISBN - INTERNATIONAL STANDARD BOOK NUMBER | |
| ISBN - International Standard Book Number | 9788532515827 |
| 040 ## - FONTE DA CATALOGAÇÃO | |
| Instituição que transcreveu o registro | Escola Canadense de Niteroi |
| 090 ## - NÚMERO DE CHAMADA LOCAL | |
| Número de chamada (OCLC) (R); Número de chamada, CALL (RLIN) (NR) | GOR |
| 100 ## - ENTRADA PRINCIPAL--NOME PESSOAL | |
| Nome pessoal | Gordon, Noah |
| 245 10 - TÍTULO | |
| Título | Sam e outros contos de animais |
| 250 ## - EDIÇÃO | |
| Edição | 1. ed. |
| 260 ## - PUBLICAÇÃO, DISTRIBUIÇÃO, ETC. | |
| Local de publicação, distribuição, etc. | Rio de Janeiro |
| 300 ## - DESCRIÇÃO FÍSICA | |
| Extensão | 71 p. |
| Outros detalhes físicos | il. |
| Dimensões | 0 x 29.00 cm (brochura) |
| 362 0# - DATAS DE PUBLICAÇÃO E/OU DESIGNAÇÃO SEQUENCIAL | |
| Datas de publicação e/ou designação sequencial | 2004 |
| 520 ## - NOTA DE RESUMO, ETC | |
| Resumo, etc. | O Sam que dá título ao livro é uma tartaruga, que morava na caixa de madeira que ficava embaixo da macieira no quintal da família Gordon. Michael, o filho mais novo de Noah, adorava o animal e o tratava com todo o carinho. Sam hibernava no inverno. Na primeira primavera, antes que acordasse de seu sono profundo, o menino achou que havia perdido o seu bichinho de estimação de vez. Toda encolhida dentro de seu casco, a tartaruga não dava sinal de vida. Levou muito tempo para que acordasse. "Eu me lembro claramente do alívio que senti quando vi sua cabeça emergir", diz Michael Gordon. A família conversava muito sobre o bem-estar de Sam e chegou um dia em que chegaram a um acordo de devolvê-la ao rio. "Sentiria muito a falta dela, mas já tão jovem eu havia aprendido que era errado forçar um animal selvagem a viver em cativeiro. Graças à história, minha filha Sara pôde aprender todas essas lições também", explica. |
| 650 #4 - ASSUNTO--TERMO TÓPICO | |
| Cabeçalho tópico ou nome geográfico | Histórias Curtas |
| 650 #4 - ASSUNTO--TERMO TÓPICO | |
| Cabeçalho tópico ou nome geográfico | Literatura Infantil |
| 650 #4 - ASSUNTO--TERMO TÓPICO | |
| Cabeçalho tópico ou nome geográfico | Mitos, Fábulas ou Contos |
| 650 #4 - ASSUNTO--TERMO TÓPICO | |
| Cabeçalho tópico ou nome geográfico | Relações entre Pessoas e Animais |
| 650 #4 - ASSUNTO--TERMO TÓPICO | |
| Cabeçalho tópico ou nome geográfico | Coletânea |
| 942 ## - ELEMENTOS DE ENTRADA ADICIONADOS (KOHA) | |
| Tipo de material Koha | Livros |
| Situação do descarte | Situação das perdas | Situação física | Não pode ser emprestado | Biblioteca de origem | Biblioteca atual | Data de aquisição | Total de empréstimos | Número de chamada completo | Código de barras | Devolução em | Data de último acesso | Data do último empréstimo | Data do preço efetivo | Tipo de material Koha | Fonte da classificação ou esquema de arquivamento na estante | Nota pública |
|---|---|---|---|---|---|---|---|---|---|---|---|---|---|---|---|---|
| Canadian School of Niterói - Itacoatiara | Canadian School of Niterói - Itacoatiara | 09/02/2024 | 1 | GOR | A14288 | 06/12/2024 | 12/08/2024 | 12/08/2024 | 09/02/2024 | Livros | ||||||
| Canadian School of Niterói - Itacoatiara | Canadian School of Niterói - Itacoatiara | 09/02/2024 | GOR | A08635 | 09/02/2024 | 09/02/2024 | Livros | |||||||||
| Canadian School of Niterói - Itacoatiara | Canadian School of Niterói - Itacoatiara | 09/02/2024 | GOR | A08206 | 09/02/2024 | 09/02/2024 | Livros | |||||||||
| Canadian School of Niterói - Piratininga | Canadian School of Niterói - Piratininga | 09/02/2024 | GOR | A14289 | 09/02/2024 | 09/02/2024 | Livros | |||||||||
| Canadian School of Niterói - Piratininga | Canadian School of Niterói - Piratininga | 09/02/2024 | GOR | A08632 | 09/02/2024 | 09/02/2024 | Livros | |||||||||
| Canadian School of Niterói - Piratininga | Canadian School of Niterói - Piratininga | 09/02/2024 | GOR | A08633 | 09/02/2024 | 09/02/2024 | Livros | |||||||||
| Canadian School of Niterói - Piratininga | Canadian School of Niterói - Piratininga | 09/02/2024 | GOR | A08634 | 09/02/2024 | 09/02/2024 | Livros | |||||||||
| Leonardo Da Vinci - Osasco | Leonardo Da Vinci - Osasco | 27/03/2024 | IJ G671s | O009761 | 27/03/2024 | 27/03/2024 | Livros | |||||||||
| Novo Tempo - Aureliano São José | Novo Tempo - Aureliano São José | 10/07/2024 | if1066 | 10/07/2024 | 10/07/2024 | Livros | Classificação Decimal de Dewey | S |